[Event "39th La Roda Open"]
[Site "La Roda ESP"]
[Date "2012.04.08"]
[Round "9"]
[White "Khamrakulov,I"]
[Black "Sanchez,Joseph"]
[Result "0-1"]
[WhiteElo "2519"]
[BlackElo "2526"]

1.e4 d5 2.exd5 Qxd5 3.Nc3 Qd6 4.d4 Nf6 5.Nf3 a6 6.Bc4 Nc6 7.h3 Bf5 8.O-O e6
9.Bg5 Be7 10.Bh4 O-O 11.Bg3 Qd8 12.d5 Na5 13.b3 b5 14.Bd3 Bxd3 15.Qxd3 b4
16.Ne4 Nxd5 17.c4 bxc3 18.Nxc3 Bf6 19.Ne5 Bxe5 20.Bxe5 Nc6  0-1

[Event "Karposh Open 2012"]
[Site "Skopje MKD"]
[Date "2012.04.08"]
[Round "2.38"]
[White "Dinev,De"]
[Black "Ranic,Viktor"]
[Result "1-0"]
[WhiteElo "2373"]
[BlackElo "1941"]

1.e4 d5 2.exd5 Qxd5 3.Nc3 Qd6 4.d4 Nf6 5.Nf3 a6 6.g3 Bg4 7.h3 Bxf3 8.Qxf3 Nc6
9.Be3 e6 10.Bg2 Be7 11.O-O-O Nd8 12.d5 e5 13.g4 O-O 14.Rhe1 Re8 15.g5 Nd7
16.h4 Nc5 17.a3 Bf8 18.b4 Nd7 19.Ne4 Qe7 20.Bh3 a5 21.Bc5 Nxc5 22.bxc5 f6
23.gxf6 Qf7 24.Rg1 Ra6 25.Rg3 Kh8 26.Be6 Raxe6 27.dxe6 Qxe6 28.Ng5 Qa2 29.Qh5  1-0

[Event "16th Neckar Open"]
[Site "Deizisau GER"]
[Date "2012.04.09"]
[Round "8.4"]
[White "Baklan,V"]
[Black "Milanovic,Da"]
[Result "1-0"]
[WhiteElo "2612"]
[BlackElo "2520"]

1.e4 d5 2.exd5 Qxd5 3.Nc3 Qd6 4.d4 Nf6 5.Nf3 c6 6.g3 Bg4 7.Bg2 e6 8.O-O Nbd7
9.h3 Bh5 10.Ne2 Bg6 11.Nf4 Be4 12.Re1 Be7 13.c4 O-O 14.a3 Rad8 15.Be3 Qb8
16.Qe2 Rfe8 17.Nd3 Bxd3 18.Qxd3 e5 19.Qc2 Bd6 20.Rad1 a5 21.dxe5 Nxe5 22.Nd4 Nfd7
23.Nf5 Bc5 24.Qc3 f6 25.b4 axb4 26.axb4 Bxe3 27.Nxe3 Nf8 28.c5 Rxd1 29.Rxd1 Rd8
30.Qb3+ Kh8 31.Nf5 Rxd1+ 32.Qxd1 Qc8 33.Nd6 Qd7  1-0

[Event "FSIM April 2012"]
[Site "Budapest HUN"]
[Date "2012.04.11"]
[Round "5"]
[White "Padhya,S"]
[Black "Szeberenyi,A"]
[Result "0-1"]
[WhiteElo "2187"]
[BlackElo "2305"]

1.e4 d5 2.exd5 Qxd5 3.Nc3 Qd6 4.d4 Nf6 5.Nf3 a6 6.g3 b5 7.Bg2 Bb7 8.O-O e6
9.Bf4 Qb6 10.a4 Bd6 11.Ne5 Bxg2 12.Kxg2 Qb7+ 13.Qf3 Qxf3+ 14.Kxf3 b4 15.Ne2 Nd5
16.Nd3 Nc6 17.Bxd6 cxd6 18.Ndf4 Nb6 19.b3 g5 20.Ng2 Nd5 21.Ne3 Nce7 22.Nxd5 Nxd5
23.Ke4 Rc8 24.Kd3 Kd7 25.Kd2 Rc7 26.f4 g4 27.Rac1 Rhc8 28.Kd3 Rxc2 29.Rxc2 Rxc2
30.Kxc2 Ne3+ 31.Kd3 Nxf1 32.Kc4 Nxh2 33.Kxb4 Kc6 34.Ka5 Kb7 35.b4 Nf1 36.b5 axb5
37.Kxb5 h5 38.a5 Ne3 39.a6+ Ka7 40.d5 Nxd5 41.Kc6 Kxa6 42.Kxd6 Kb5 43.f5 Kc4
44.fxe6 fxe6 45.Kxe6 Kd3 46.Nc1+ Ke4 47.Nb3 h4 48.Nd2+ Kd3 49.Nf1 Ke2 50.Kf5 Nf6  0-1

[Event "FSFMA April 2012"]
[Site "Budapest HUN"]
[Date "2012.04.12"]
[Round "6"]
[White "Waisberg,A"]
[Black "Nadassy,A"]
[Result "0-1"]
[WhiteElo "2023"]
[BlackElo "2062"]

1.e4 d5 2.exd5 Qxd5 3.Nc3 Qd6 4.Bc4 Nf6 5.d3 Nc6 6.Nb5 Qd8 7.Bf4 e5 8.Qe2 Bb4+
9.c3 O-O 10.Bd2 Bc5 11.b4 Bb6 12.Bg5 a6 13.Na3 Qd6 14.Bxf6 Qxf6 15.Qf3 Qg6
16.Qg3 Qd6 17.Nc2 Ba7 18.Ne2 b5 19.Bb3 Bf5 20.Rd1 Rad8 21.Nc1 Rd7 22.O-O Rfd8
23.Ne3 Be6 24.Rfe1 Bxb3 25.Nxb3 Qg6 26.Qxg6 hxg6 27.Nc1 f6 28.Ng4 Ne7 29.Re2 Nd5
30.Rc2 Nf4 31.Rcd2 Kf7 32.g3 Ne6 33.Kg2 c5 34.bxc5 Bxc5 35.Nb3 Bb6 36.Ne3 a5
37.Nc2 a4 38.Nc1 Ba5 39.Nb4 Rd6 40.a3 Nc5 41.f3 Bxb4 42.cxb4 Nb3 43.Rc2 Nxc1
44.Rcxc1 Rxd3 45.Rxd3 Rxd3 46.Rc5 Rxa3 47.Rxb5 g5 48.g4 Rb3 49.Rb7+ Ke6 50.b5 Kd5
51.Rxg7 Kc5 52.h4 gxh4 53.Rf7 h3+ 54.Kxh3 Rxf3+ 55.Kg2 Rf4 56.Kg3 Kxb5 57.Ra7 Kb4
58.Rb7+ Kc3 59.Rc7+ Kb3 60.Rb7+ Rb4  0-1

[Event "Karposh Open 2012"]
[Site "Skopje MKD"]
[Date "2012.04.13"]
[Round "8.58"]
[White "Chan,Na"]
[Black "Ajrula,Adnan"]
[Result "1-0"]
[WhiteElo "1835"]
[BlackElo "1984"]

1.e4 d5 2.exd5 Qxd5 3.Nc3 Qd8 4.d4 c6 5.Nf3 Bg4 6.Bc4 e6 7.Be3 g6 8.h3 Bxf3
9.Qxf3 Bg7 10.O-O Ne7 11.Ne4 O-O 12.Rad1 Nf5 13.g4 Nd6 14.Bg5 Qa5 15.b4 Qxb4
16.Be7 Qxc4 17.Nxd6 Qd5 18.Qxd5 cxd5 19.Bxf8 Bxf8 20.Nxb7 Nc6 21.c3 Rc8 22.Rb1 Rc7
23.Rb3 e5 24.dxe5 Nxe5 25.Rd1 Bh6 26.Kg2 Nc4 27.Rxd5 Nd2 28.Rd8+ Kg7 29.Rb4  1-0

[Event "Karposh Open 2012"]
[Site "Skopje MKD"]
[Date "2012.04.13"]
[Round "8.7"]
[White "Solak,D"]
[Black "Piskur,M"]
[Result "1-0"]
[WhiteElo "2602"]
[BlackElo "2303"]

1.e4 d5 2.exd5 Qxd5 3.Nc3 Qd8 4.d4 Nf6 5.Nf3 Bg4 6.h3 Bxf3 7.Qxf3 c6 8.Bf4 e6
9.O-O-O Nd5 10.Nxd5 Qxd5 11.Qxd5 cxd5 12.c4 dxc4 13.Bxc4 Bb4 14.d5 O-O 15.dxe6 fxe6
16.Bxe6+ Kh8 17.Be3 Na6 18.Bd5 Rac8+ 19.Kb1 Rc7 20.Bxa7 b5 21.Be3 Bc5 22.Rhe1 Bxe3
23.Rxe3 g5 24.Bf3 Rf5 25.Rc1 Rxc1+ 26.Kxc1 h5 27.Rd3 Nc5 28.Rd5 Rxd5 29.Bxd5 Nd3+
30.Kd2 Nb4 31.Bf3 Nxa2 32.Bxh5 Kg7 33.Be2 Kf6 34.Bxb5 Ke5 35.Bc4 Nb4 36.Kc3 Nc6
37.b4 Nd4 38.b5 Nf5 39.b6  1-0

[Event "Schachbundesliga 2011-12"]
[Site "Baden Baden GER"]
[Date "2012.04.14"]
[Round "14"]
[White "Seger,R"]
[Black "Postojev,A"]
[Result "1-0"]
[WhiteElo "2390"]
[BlackElo "2330"]

1.e4 d5 2.exd5 Qxd5 3.Nc3 Qd6 4.d4 c6 5.Nf3 Bg4 6.Be3 Nf6 7.h3 Bh5 8.g4 Bg6
9.Ne5 Nd5 10.Nxd5 Qxd5 11.Rg1 Nd7 12.c4 Qa5+ 13.Bd2 Qc7 14.Nxg6 hxg6 15.Qf3 e6
16.O-O-O Be7 17.Kb1 Bf6 18.Bc1 g5 19.Qe4 O-O-O 20.Bg2 Nb6 21.b3 Qe7 22.Rd3 Rd7
23.Rgd1 Rhd8 24.Qe3 Qf8 25.h4 gxh4 26.g5 Be7 27.Qe4 Ba3 28.Be3 Kb8 29.Qxh4 g6
30.Qe4 Be7 31.Bf3 Nc8 32.d5 exd5 33.cxd5 c5 34.d6 Nxd6 35.Rxd6 Bxd6 36.Rxd6 Qxd6
37.Bf4 Qxf4 38.Qxf4+ Ka8 39.Qe5 Rd2 40.Qc7  1-0

[Event "Brunei GM Inv 2012"]
[Site "Bandar Seri Begawan BRU"]
[Date "2012.04.16"]
[Round "7.4"]
[White "Dzhumaev,M"]
[Black "Barbosa,O PHI"]
[Result "0-1"]
[WhiteElo "2494"]
[BlackElo "2585"]

1.e4 d5 2.exd5 Qxd5 3.Nc3 Qd6 4.d4 Nf6 5.Nf3 c6 6.Ne5 Nbd7 7.Nc4 Qc7 8.Qf3 Nb6
9.Ne5 Be6 10.Bf4 Nbd5 11.Nxd5 Nxd5 12.Bc4 Qc8 13.Bxd5 Bxd5 14.Qg3 Qf5 15.O-O-O f6
16.Nd3 h5 17.f3 h4 18.Qe1 g5 19.Bd2 Bxa2 20.Nc5 Bd5 21.Nxb7 Kf7 22.h3 a5
23.Nxa5 e6 24.Qe2 c5 25.c4 cxd4 26.cxd5 exd5 27.Qb5 Bd6 28.b4 Rhc8+ 29.Kb2 Qc2+
30.Ka3 Kg6 31.Rhe1 d3 32.Qa4 Rc3+ 33.Bxc3 Qxc3+ 34.Ka2 Bxb4 35.Rc1 Rxa5 36.Rxc3 Rxa4+
37.Kb3 Bxc3 38.Kxc3 Ra2 39.Rg1 d2 40.Rd1 Kf5 41.Kb3 Ra6 42.Rxd2 Ke5 43.Kc3 d4+
44.Kd3 Ra3+ 45.Ke2 Re3+ 46.Kf2 Kd5 47.Ra2 Re6 48.f4 gxf4 49.Kf3 d3 50.Kxf4 Kc4
51.Kg4 Rd6 52.Kxh4 d2 53.Ra1 d1=Q 54.Rxd1 Rxd1 55.Kh5 Kd5  0-1

[Event "Brunei GM Inv 2012"]
[Site "Bandar Seri Begawan BRU"]
[Date "2012.04.16"]
[Round "8.4"]
[White "Nguyen Anh Dung"]
[Black "Bitoon,R"]
[Result "1/2-1/2"]
[WhiteElo "2439"]
[BlackElo "2455"]

1.e4 d5 2.exd5 Qxd5 3.Nc3 Qd6 4.d4 Nf6 5.Nf3 a6 6.Be2 Nc6 7.O-O Bg4 8.Be3 e6
9.h3 Bxf3 10.Bxf3 Be7 11.Ne4 Nxe4 12.Bxe4 Bf6 13.Bxc6+ Qxc6 14.c3 O-O 15.Qe2 e5
16.dxe5 Bxe5 17.Rfd1 Rfd8 18.a3 Bf6 19.Rxd8+ Rxd8 20.Rd1 Rxd1+ 21.Qxd1 h6
22.Qd2 Kf8 23.Qd3 Ke8 24.Qc2 Qd5 25.Qa4+ Qb5 26.Qc2 Qd5 27.Qa4+ Qb5 28.Qc2  1/2-1/2

[Event "World Amateur Championship"]
[Site "Neos Marmaras GRE"]
[Date "2012.04.18"]
[Round "3"]
[White "Kafetzis,G"]
[Black "Nikoleris,E"]
[Result "1-0"]
[WhiteElo "1967"]
[BlackElo "1866"]

1.e4 d5 2.exd5 Qxd5 3.Nc3 Qd6 4.d4 Nf6 5.Nf3 a6 6.g3 Bg4 7.Bg2 Nc6 8.O-O e6
9.Bf4 Qd7 10.h3 Bxf3 11.Qxf3 Be7 12.Rad1 Rd8 13.g4 O-O 14.g5 Nd5 15.Nxd5 exd5
16.h4 Qc8 17.Bh3 Qb8 18.Rfe1 Bd6 19.Be5 Rfe8 20.Qg3 Ne7 21.h5 c6 22.f4 c5
23.c3 cxd4 24.cxd4 Nc6 25.Rd2 Nxe5 26.fxe5 Bb4 27.Rc2 Bxe1 28.Qxe1 Qa7 29.Qf2 Qb6
30.Qf4 Rf8 31.h6 g6 32.Qf6 Qxf6 33.gxf6 Rb8 34.Rc7 Rfd8 35.e6 fxe6 36.Bxe6+ Kh8
37.f7 b5 38.Re7 Rf8 39.Bd7 Rb6 40.Re8 Rb8 41.Rxb8 Rxb8 42.Be8  1-0

[Event "World Amateur Championship"]
[Site "Neos Marmaras GRE"]
[Date "2012.04.18"]
[Round "3"]
[White "Jeszenszky,Jozsef"]
[Black "Moreno,Jaime Alberto"]
[Result "1/2-1/2"]
[WhiteElo "1800"]
[BlackElo "1978"]

1.e4 d5 2.exd5 Qxd5 3.Nc3 Qd6 4.d4 c6 5.Nf3 Bg4 6.Bc4 e6 7.Be3 Nf6 8.h3 Bh5
9.g4 Bg6 10.Ne5 Nbd7 11.Nxg6 hxg6 12.Qf3 Be7 13.O-O-O a5 14.a3 Nb6 15.Bf4 Qd7
16.Ba2 Nfd5 17.Bxd5 cxd5 18.Qd3 Rc8 19.Qb5 Qxb5 20.Nxb5 Nc4 21.Rdf1 Kd7 22.f3 Nd6
23.Bxd6 Bxd6 24.Nxd6 Kxd6 25.f4 a4 26.Rf3 Rc4 27.c3 Rh4 28.Re1 Rc8 29.f5 gxf5
30.gxf5 Rxd4 31.fxe6 fxe6 32.Rf7 Rd3 33.Rxb7 d4 34.Rb6+ Kd7 35.Rb7+ Kd6 36.Rb6+ Kc5
37.Rbxe6 dxc3 38.bxc3 Rxc3+ 39.Kb2 Rb3+ 40.Ka2 Rd8 41.R6e5+  1/2-1/2

[Event "10th Nabokov Mem IM"]
[Site "Kiev UKR"]
[Date "2012.04.20"]
[Round "2.4"]
[White "Dzhangirov,D"]
[Black "Kernazhitsky,L"]
[Result "1-0"]
[WhiteElo "2287"]
[BlackElo "2306"]

1.e4 d5 2.exd5 Qxd5 3.Nc3 Qd6 4.Nf3 Nf6 5.Be2 g6 6.O-O Bg7 7.d4 O-O 8.Nb5 Qd8
9.Bf4 Na6 10.Na3 Nb4 11.c3 Nbd5 12.Be5 Bh6 13.h3 c6 14.Re1 Be6 15.Bf1 a5
16.g4 Bg7 17.Bg3 Ne8 18.Bg2 Bc8 19.c4 Nb4 20.Qe2 e6 21.Nc2 Nxc2 22.Qxc2 Nd6
23.Rad1 f6 24.g5 fxg5 25.d5 exd5 26.cxd5 Bf5 27.Qc1 c5 28.Qxg5 Bf6 29.Qf4 Ra6
30.Ne5 Bc2 31.Nc6 bxc6 32.Qxd6 Bxd1 33.Rxd1 Bd4 34.Qe6+ Rf7 35.Kh2 Ra7 36.dxc6 Re7
37.Qd5 Qb6 38.c7 Rxc7 39.Qd8+ Kg7 40.Rxd4 cxd4 41.Be5+ Rf6 42.Bxf6+ Qxf6
43.Qxc7+ Kh6 44.Qc1+ Kg7 45.Qd2 Qe5+ 46.Kg1 g5 47.b3 Kf6 48.Bf3 h6 49.Bg4 Qc5
50.Qd3  1-0

[Event "Spartak IM 2012"]
[Site "Subotica SRB"]
[Date "2012.04.20"]
[Round "1.4"]
[White "Siclovan,C"]
[Black "Cabarkapa,N"]
[Result "0-1"]
[WhiteElo "2165"]
[BlackElo "2314"]

1.e4 d5 2.exd5 Qxd5 3.Nc3 Qd6 4.d4 Nf6 5.Nf3 g6 6.Be2 Bg7 7.Ne5 O-O 8.Bf4 Qd8
9.Qd2 Nbd7 10.O-O-O c6 11.h4 h5 12.f3 Nxe5 13.Bxe5 Nd5 14.Bxg7 Kxg7 15.g4 Rh8
16.Rhg1 Qa5 17.Nxd5 Qxd2+ 18.Kxd2 cxd5 19.gxh5 Rxh5 20.f4 Rh6 21.Bf3 Bf5
22.h5 e6 23.hxg6 Rxg6 24.c3 Rxg1 25.Rxg1+ Kf6 26.Ke3 b5 27.Rh1 a5 28.Rc1 Rh8
29.Rh1 Rg8 30.Kf2 b4 31.cxb4 axb4 32.a3 Rc8 33.axb4 Rc2+ 34.Ke3 Rxb2 35.Rc1 Rb3+
36.Kf2 Rxb4 37.Rd1 Rb2+ 38.Ke3 Bg6 39.Bg4 Rg2 40.Bf3 Rg3  0-1

[Event "Spartak IM 2012"]
[Site "Subotica SRB"]
[Date "2012.04.21"]
[Round "3.5"]
[White "Somborski,N"]
[Black "Cabarkapa,N"]
[Result "1/2-1/2"]
[WhiteElo "2347"]
[BlackElo "2314"]

1.e4 d5 2.exd5 Qxd5 3.Nc3 Qd6 4.d4 Nf6 5.Nf3 g6 6.Bc4 Bg7 7.O-O O-O 8.h3 a6
9.a4 b6 10.b3 Ne8 11.Re1 Qd8 12.Bg5 Bf6 13.Bh6 Bg7 14.Bxg7 Kxg7 15.Qe2 e6
16.Rad1 c6 17.Ne5 Ra7 18.Qe3 Nf6 19.Be2 a5 20.Bf3 Rc7 21.Ne2 Bb7 22.c4 Nbd7
23.Nf4 Nxe5 24.dxe5 Nd7 25.c5 bxc5 26.Qc3 Qg5 27.Qxa5 Rfc8 28.g3 Qe7 29.Qc3 c4
30.bxc4 c5 31.Bxb7 Rxb7 32.a5 Ra8 33.Rb1 Nb8 34.Qf3 Rba7 35.Red1 Na6 36.Rb6 Nb4
37.Qe4 Qe8 38.Qe3 Qe7 39.Qe4 Qe8 40.Qe3  1/2-1/2

[Event "Frauenbundesliga 2011-12"]
[Site "Germany GER"]
[Date "2012.04.22"]
[Round "11.6"]
[White "Butschek,T"]
[Black "Fey,F"]
[Result "1-0"]
[WhiteElo "2035"]
[BlackElo "1982"]

1.e4 d5 2.exd5 Qxd5 3.Nc3 Qd6 4.d4 Nf6 5.Nf3 g6 6.g3 Bg7 7.Bg2 O-O 8.Bf4 Qb6
9.Qd2 Rd8 10.O-O Na6 11.Be5 Bf5 12.h3 h5 13.a4 c5 14.a5 Qe6 15.Rfe1 Qc8 16.Qe2 Bxh3
17.Bh1 Bg4 18.Qb5 Qd7 19.dxc5 Qxb5 20.Nxb5 Nxc5 21.Bc7 Bxf3 22.Bxf3 Rd7 23.Rad1 a6
24.Rxd7 Nfxd7 25.Nc3 Rc8 26.Nd5 Bf8 27.Bf4 Ne6 28.Re2 Nd4 29.Nxe7+ Bxe7 30.Rxe7 Nxf3+
31.Kg2 g5 32.Kxf3 g4+ 33.Ke4 Nc5+ 34.Kf5 Rd8 35.Be3 Rd5+ 36.Kf4 Ne6+ 37.Ke4 Rxa5
38.Rxb7 f5+ 39.Kd3  1-0

[Event "Spartak IM 2012"]
[Site "Subotica SRB"]
[Date "2012.04.23"]
[Round "5.2"]
[White "Siclovan,C"]
[Black "Dinev,De"]
[Result "1/2-1/2"]
[WhiteElo "2165"]
[BlackElo "2373"]

1.e4 d5 2.exd5 Qxd5 3.Nc3 Qd6 4.d4 Nf6 5.Nf3 c6 6.Be2 Bg4 7.Be3 Nbd7 8.Qd2 e6
9.O-O-O Qc7 10.a3 Bd6 11.Ng5 Bxe2 12.Qxe2 Nd5 13.Nce4 N7f6 14.c4 Nxe3 15.fxe3 Nxe4
16.Nxe4 Be7 17.Kb1 O-O 18.h4 b5 19.c5 a5 20.b3 Qd7 21.Qc2 Qd5 22.Kb2 f5 23.Nc3 Qd8
24.g3 Bf6 25.Ne2 Qe7 26.Rhf1 g6 27.Ka2 a4 28.b4 Rad8 29.Nc3 e5 30.d5 e4 31.d6 Qe6+
32.Kb2 Be5 33.Rg1 Qc4 34.Rc1 Kg7 35.Kb1 Ra8 36.Qe2 Qb3+ 37.Qb2 Qc4 38.Qe2 Qb3+
39.Qb2 Qe6 40.Qa2 Qxa2+ 41.Kxa2 Kf6 42.Ne2 Ke6 43.Rcd1 Kd7 44.Kb1 Rae8 45.Kc2 Rf6
46.Nf4 Rg8 47.Rh1 Rf7 48.Rh3 Rf6  1/2-1/2

[Event "Spartak IM 2012"]
[Site "Subotica SRB"]
[Date "2012.04.24"]
[Round "7.3"]
[White "Somborski,N"]
[Black "Dinev,De"]
[Result "1/2-1/2"]
[WhiteElo "2347"]
[BlackElo "2373"]

1.e4 d5 2.exd5 Qxd5 3.Nc3 Qd6 4.d4 Nf6 5.Nf3 c6 6.Ne5 Bf5 7.Bc4 Be6 8.Bxe6 Qxe6
9.O-O Nbd7 10.Nf3 Qf5 11.Ne2 e6 12.Ng3 Qd5 13.Qe2 Be7 14.c4 Qd6 15.b3 O-O
16.Bb2 Qc7 17.Rad1 Qa5 18.Qc2 Rfd8 19.Rd3 Bd6 20.Bc3 Qc7 21.Re1 Bxg3 22.hxg3 Nf8
23.Ne5 Ng6 24.Rf3 a5 25.a4 b5 26.g4 Nxe5 27.Rxe5 Nxg4 28.Rh5 g6 29.Rh4 f5
30.Qe2 Re8 31.Rfh3 h5 32.f3 Nf6 33.Qd2 b4 34.Bb2 Kf7 35.Qg5 Rg8 36.Bc1 Rad8
37.Bf4 Qe7 38.Be5 c5 39.Qe3 cxd4 40.Rxd4 Rxd4 41.Bxd4 Rd8 42.Qe5 Ne8 43.f4 Qd6
44.Qxd6 Rxd6 45.Bc5 Rc6 46.Bf2 Rd6 47.Bc5 Rc6 48.Bf2 Rd6 49.Bc5  1/2-1/2

[Event "Spartak IM 2012"]
[Site "Subotica SRB"]
[Date "2012.04.25"]
[Round "8.3"]
[White "Dinev,De"]
[Black "Cabarkapa,N"]
[Result "1/2-1/2"]
[WhiteElo "2373"]
[BlackElo "2314"]

1.e4 d5 2.exd5 Qxd5 3.Nc3 Qd6 4.d4 Nf6 5.Nf3 g6 6.Nb5 Qb6 7.c4 c6 8.Nc3 Bg7
9.h3 O-O 10.Be2 Bf5 11.O-O Rd8 12.Na4 Qc7 13.Be3 h5 14.Rc1 b6 15.Qb3 Nbd7
16.Nc3 e5 17.d5 c5 18.Nh4 Nf8 19.Nxf5 gxf5 20.Bg5 N8h7 21.f4 e4 22.Kh1 a6
23.Nd1 Rd6 24.Ne3 Qd7 25.a4 Ne8 26.Bxh5 Bd4 27.Nc2 Ng7 28.Bd1 Nxg5 29.Nxd4 cxd4
30.fxg5 d3 31.Qc3 Rc8 32.Qd2 Qe7 33.Qe3 Qe5 34.Rc3 b5 35.axb5 axb5 36.Rxd3 bxc4
37.Rc3 Rxd5 38.Be2 Rdc5 39.g4 Rb8 40.g6 Rxb2 41.gxf7+ Kxf7 42.Rf2 Kf8 43.gxf5 Rb3
44.Rxb3 cxb3 45.Qxb3 e3 46.Rf3 Rc3 47.Qb4+ Qc5 48.Qb8+ Kf7 49.Qf4 Rc1+ 50.Kg2 Rc2
51.Rxe3 Qc6+ 52.Kf2 Qc5 53.Kg2 Qc6+ 54.Kf1 Qc5 55.Qe4 Rc1+ 56.Kg2 Qc6 57.Qxc6 Rxc6
58.Bg4 Kf6 59.Ra3 Nxf5 60.Kf3 Nd4+ 61.Ke4 Ne6 62.Kd5 Rb6 63.Rf3+ Ke7 64.Rf1 Rb5+
65.Kc4 Rc5+ 66.Kd3 Ra5 67.Ke3 Ra3+ 68.Kf2 Nf4 69.Rh1 Kf6 70.h4 Nd3+ 71.Ke2 Nf4+
72.Kd2 Rg3 73.Bc8 Rg8 74.Bb7 Rb8 75.Be4 Ke5 76.Bc2 Rh8 77.Re1+ Kf6 78.Rh1 Ke5
79.Bd1 Rd8+ 80.Kc2 Rc8+ 81.Kb3 Rh8 82.Kc4 Ng2  1/2-1/2

[Event "10th Nabokov Mem IM"]
[Site "Kiev UKR"]
[Date "2012.04.26"]
[Round "9.3"]
[White "Melnichuk,M"]
[Black "Kernazhitsky,L"]
[Result "1-0"]
[WhiteElo "2343"]
[BlackElo "2306"]

1.e4 d5 2.exd5 Qxd5 3.Nc3 Qd6 4.d4 Nf6 5.Nf3 g6 6.Nb5 Qd8 7.Bf4 Na6 8.c4 Bg7
9.Be2 O-O 10.Nc3 c5 11.d5 Nh5 12.Be3 e5 13.dxe6 Qxd1+ 14.Rxd1 fxe6 15.Ng5 b6
16.Bf3 Rb8 17.O-O Nc7 18.Rd2 h6 19.Nge4 Ba6 20.Rd7 Rf7 21.Rfd1 Rbf8 22.Be2 Bc8
23.Rxf7 Kxf7 24.Nd6+ Ke7 25.Nxc8+ Rxc8 26.g4 Nf6 27.Bf4 Nfe8 28.h4 e5 29.Be3 Rd8
30.Rxd8 Kxd8 31.Bd3 Nf6 32.f3 g5 33.hxg5 hxg5 34.Bxg5 Ne6 35.Be3 Nf4 36.Be4 Bh6
37.Kf1 Bg5 38.Bf5 Bh4 39.Nb5 a6 40.Nd6 Nd7 41.Bxf4 exf4 42.Bxd7 Kxd7 43.Ne4 Ke6
44.Ke2 Ke5 45.Kd3 Be7 46.Nc3 Bd8 47.a4 Bc7 48.Ne4 Bd8 49.a5 Bc7 50.axb6 Bxb6
51.Nc3 Bc7 52.Nd5 Bd6 53.b3 Bb8 54.Ne7 Bc7 55.g5  1-0

[Event "ch-SRB 2012"]
[Site "Vrnjacka Banja SRB"]
[Date "2012.04.26"]
[Round "4"]
[White "Pikula,D"]
[Black "Bodiroga,P"]
[Result "1-0"]
[WhiteElo "2525"]
[BlackElo "2397"]

1.e4 d5 2.exd5 Qxd5 3.Nc3 Qd8 4.d4 Nf6 5.Nf3 Bg4 6.h3 Bxf3 7.Qxf3 c6 8.Be3 e6
9.Bd3 Bb4 10.O-O O-O 11.Ne4 Nbd7 12.c4 Nxe4 13.Bxe4 Nf6 14.Bc2 Be7 15.Rad1 Qc7
16.Bf4 Bd6 17.Bg5 Be7 18.Qd3 g6 19.Qf3 Nh5 20.Bc1 Rad8 21.Bb3 Nf6 22.Bf4 Qa5
23.Rfe1 Rfe8 24.Re5 Qb6 25.d5 Nd7 26.Re2 Nc5 27.d6 Bf8 28.Bc2 Rd7 29.Be5 Bg7
30.Bxg7 Kxg7 31.Qc3+ Kg8 32.b4 Na6 33.a3 c5 34.Ba4 cxb4 35.axb4 Red8 36.Bxd7 Rxd7
37.b5 Nc5 38.Qe3 Na4 39.Qa3 Nc5 40.Re5  1-0

[Event "3rd LUC Open"]
[Site "Lille FRA"]
[Date "2012.04.27"]
[Round "6.18"]
[White "Bellahcene,B"]
[Black "Manet,A"]
[Result "1-0"]
[WhiteElo "2321"]
[BlackElo "1895"]

1.e4 d5 2.exd5 Qxd5 3.Nc3 Qd8 4.Bc4 Nf6 5.Nf3 Bf5 6.O-O e6 7.h3 Be7 8.Nh4 Bg6
9.Nxg6 hxg6 10.d4 c6 11.Be3 Nbd7 12.Qf3 Qa5 13.a3 Qh5 14.Qg3 O-O-O 15.Bg5 Nb6
16.Be2 Qh7 17.Rfd1 Nfd5 18.Nxd5 Nxd5 19.Bxe7 Nxe7 20.c4 Qh4 21.Qc3 Qf6 22.Rd2 Rh4
23.Bg4 c5 24.Qa5 Nc6 25.Qxc5 Rxd4 26.Rxd4 Qxd4 27.Qf8+  1-0

[Event "ch-SRB 2012"]
[Site "Vrnjacka Banja SRB"]
[Date "2012.04.28"]
[Round "6"]
[White "Pikula,D"]
[Black "Markovic,Miros1"]
[Result "1/2-1/2"]
[WhiteElo "2525"]
[BlackElo "2480"]

1.e4 d5 2.exd5 Qxd5 3.Nc3 Qd6 4.d4 Nf6 5.Nf3 a6 6.Bg5 b5 7.Bd3 Bb7 8.Bxf6 gxf6
9.Qe2 Nd7 10.O-O-O f5 11.Kb1 Qf4  1/2-1/2

[Event "TCh-AUT 2 Mitte 2011-12"]
[Site "Fuerstenfeld AUT"]
[Date "2012.04.29"]
[Round "11"]
[White "Hatzl,S"]
[Black "Eichhorn,Al"]
[Result "1-0"]
[WhiteElo "2162"]
[BlackElo "2039"]

1.e4 d5 2.exd5 Qxd5 3.Nc3 Qd6 4.d4 Nf6 5.Nge2 c6 6.Bf4 Qd8 7.Qd2 Bf5 8.Ng3 Bg6
9.O-O-O e6 10.h4 Bb4 11.a3 Bxc3 12.Qxc3 Nd5 13.Qd2 Nxf4 14.Qxf4 h6 15.Bd3 Bxd3
16.Rxd3 Qf6 17.Qd6 Qe7 18.Nf5 Qxd6 19.Nxd6+ Ke7 20.Nxb7 Nd7 21.Rhd1 Nb6 22.Nc5 Nd5
23.g3 g5 24.hxg5 hxg5 25.Re1 Rh2 26.Re2 Rah8 27.c4 Nb6 28.b3 Nd7 29.Nxd7 Kxd7
30.Kc2 Kd6 31.Kc3 R8h6 32.Rf3 f6 33.c5+ Kd7 34.Kb4 Rh1 35.Rd2 Ra1 36.a4 f5
37.Re3 Rh8 38.Rde2 Re8 39.Re1 Rb8+ 40.Kc3 Rxe1 41.Rxe1 a5 42.Rh1 Rf8 43.Rh7+ Kc8
44.Re7 Rf6 45.b4 g4 46.Rg7 f4 47.bxa5  1-0

[Event "ch-LAT 2012"]
[Site "Riga LAT"]
[Date "2012.05.01"]
[Round "4"]
[White "Marutkins,O"]
[Black "Bernotas,A"]
[Result "1-0"]
[WhiteElo "1970"]
[BlackElo "2196"]

1.e4 d5 2.exd5 Qxd5 3.Nc3 Qd6 4.Nf3 Nf6 5.d3 a6 6.h3 b5 7.Qe2 Bb7 8.g3 g6
9.Bg2 Bg7 10.O-O O-O 11.Bf4 Qd8 12.Rfe1 Re8 13.Ne5 Bxg2 14.Kxg2 Qc8 15.Qf3 Nbd7
16.Nc6 e6 17.d4 Nb6 18.Bg5 Nfd5 19.Ne4 Nd7 20.Bd2 Qb7 21.Na5 Qb6 22.Ng5 Rf8
23.Nb3 c5 24.dxc5 Nxc5 25.Nxc5 Qxc5 26.c3 Rad8 27.Ne4 Qc6 28.Rad1 Rd7 29.Kg1 Qc4
30.b3 Qc8 31.Bg5 f5 32.Nd2 h6 33.Bf4 Qxc3 34.Rc1 Qb2 35.Nf1 e5 36.Rc5 Qd4
37.Be3 Nxe3 38.Qxe3 e4 39.Rc6 Rf6 40.Rec1 Qxe3 41.Nxe3 Rd2 42.Rxf6 Bxf6 43.Rc6 Kf7
44.Rxa6 Bd4 45.a4 bxa4 46.bxa4 Bxe3 47.fxe3 Re2 48.Ra7+ Kf6 49.h4 g5 50.Ra6+ Ke5
51.Ra5+ Kf6 52.Ra6+ Kg7 53.h5 Rxe3 54.Kf2 Ra3 55.Ra7+ Kf6 56.Ra6+ Ke5 57.Rxh6 f4
58.gxf4+ gxf4 59.Rh8 Ra2+ 60.Kf1 f3 61.h6 e3 62.Re8+ Kf4 63.Kg1 f2+ 64.Kg2 f1=Q+
65.Kxf1 Rh2 66.Re6 e2+ 67.Rxe2 Rxh6 68.Ra2 Ke3 69.Ra3+  1-0

[Event "Ostravsky Konik A"]
[Site "Ostrava CZE"]
[Date "2012.05.02"]
[Round "5.15"]
[White "Sedy,P"]
[Black "Leks,M"]
[Result "1-0"]
[WhiteElo "2178"]
[BlackElo "2103"]

1.e4 d5 2.exd5 Qxd5 3.Nc3 Qd6 4.d4 Nf6 5.Bd3 Nc6 6.Nge2 Bg4 7.f3 Bh5 8.Bf4 Qd7
9.d5 Nxd5 10.Nxd5 Qxd5 11.Bxc7 Bg6 12.Nf4 Qd4 13.Nxg6 hxg6 14.c3 Qd7 15.Bg3 e6
16.Be4 Rd8 17.Qxd7+ Rxd7 18.Bxc6 bxc6 19.Rd1 Rh5 20.Ke2 Rhd5 21.c4 Rxd1 22.Rxd1 Rxd1
23.Kxd1 Kd7 24.Kc2 f6 25.Kc3 Bc5 26.b4 Bg1 27.Kd3 a6 28.a4 g5 29.h3 e5 30.b5 cxb5
31.cxb5 axb5 32.axb5 Kd6 33.Kc4 f5 34.Be1 e4 35.fxe4 fxe4 36.Bc3 g6 37.Bd4 e3
38.Kd3 e2 39.Bc3 Kc5 40.Kxe2 Kxb5 41.Kf3 Kc4 42.Bd2 Kd5 43.Be3 Bxe3 44.Kxe3 Ke5
45.Kf3 Kf5 46.Kg3 g4 47.h4 Ke5 48.Kxg4 Kf6 49.Kf4 Kf7 50.Ke5 Kg7 51.g4 Kh7
52.Kf6 Kh6 53.g5+ Kh5 54.Kg7 Kxh4 55.Kxg6  1-0

[Event "ch-SRB 2012"]
[Site "Vrnjacka Banja SRB"]
[Date "2012.05.04"]
[Round "12"]
[White "Popovic,Du"]
[Black "Milanovic,Da"]
[Result "1-0"]
[WhiteElo "2561"]
[BlackElo "2520"]

1.e4 d5 2.exd5 Qxd5 3.Nc3 Qd6 4.d4 Nf6 5.Nf3 g6 6.Bc4 Bg7 7.O-O O-O 8.h3 a6
9.a4 Nbd7 10.Qe2 Nb6 11.Bb3 Bf5 12.Bg5 Rad8 13.Rfe1 Rfe8 14.Rad1 Nbd5 15.Nxd5 Nxd5
16.Ne5 f6 17.Nc4 Qc6 18.Bd2 Kh8 19.Qf3 Bxc2 20.Bxc2 Qxc4 21.Bb3 Qc6 22.Rc1 Qd7
23.Bxd5 Qxd5 24.Qxd5 Rxd5 25.Rxc7 e6 26.Rxe6 Red8 27.Ree7 Bf8 28.Rxh7+ Kg8
29.g4 b5 30.axb5 axb5 31.Be3 Ra8 32.Bh6  1-0

[Event "Norsk Sjakkfestival"]
[Site "Fagernes NOR"]
[Date "2012.05.05"]
[Round "9"]
[White "Dolzhikova,O"]
[Black "Kasparov,S"]
[Result "1/2-1/2"]
[WhiteElo "2259"]
[BlackElo "2503"]

1.e4 d5 2.exd5 Qxd5 3.Nc3 Qd6 4.d4 Nf6 5.Nf3 c6 6.Ne5 Nbd7 7.Bf4 Nd5 8.Nxd5 Qxd5
9.Be2 Nxe5 10.Bxe5 Bf5 11.O-O e6 12.c4 Qd7 13.Qb3 f6 14.Bg3 O-O-O 15.d5 Bd6
16.dxc6 Qxc6 17.Bxd6 Rxd6 18.c5 Rd4 19.Qc3 Rhd8 20.b4 Bd3 21.Bf3 Be4 22.Bxe4 Qxe4
23.b5 Rc4 24.Qa3 Ra4 25.Qg3 Qg4 26.Qxg4 Rxg4 27.f4 Rd5 28.Rac1 e5 29.b6 a6
30.fxe5 Rxe5 31.Rfd1 Rgg5 32.a4 a5 33.c6 bxc6 34.Rxc6+ Kb7 35.Rdc1 Re1+ 36.Rxe1 Kxc6
37.Re6+ Kb7 38.h3 h5 39.Kf2 Rf5+ 40.Kg3 g5 41.Rd6 Rf4 42.Re6 h4+ 43.Kh2 f5
44.Rf6 Ka6 45.Kg1 g4 46.hxg4 Rxg4 47.b7+ Kxb7 48.Rxf5 Rxa4 49.Rh5 Kb6 50.Rh6+ Kc5
51.Rh5+ Kd6 52.Kh2 Ke6 53.Kh3 Ra1 54.Rb5 Ra4  1/2-1/2

[Event "14th Salou Open"]
[Site "Salou ESP"]
[Date "2012.05.05"]
[Round "3.5"]
[White "Vehi Bach,V"]
[Black "Ibarra Jerez,JC"]
[Result "1/2-1/2"]
[WhiteElo "2359"]
[BlackElo "2523"]

1.e4 d5 2.exd5 Qxd5 3.Nc3 Qd6 4.d4 Nf6 5.Nf3 g6 6.Nb5 Qb6 7.a4 c6 8.Na3 Bg7
9.Nc4 Qd8 10.Qe2 O-O 11.g3 Na6 12.Bg2 Be6 13.O-O Bd5  1/2-1/2

[Event "Asian Continental w 2012"]
[Site "Ho Chi Minh City VIE"]
[Date "2012.05.06"]
[Round "2.12"]
[White "Pratyusha,B"]
[Black "Kiran,M"]
[Result "1-0"]
[WhiteElo "2123"]
[BlackElo "2208"]

1.e4 d5 2.exd5 Qxd5 3.Nc3 Qd6 4.d4 Nf6 5.Nf3 c6 6.Ne5 Nbd7 7.f4 Nb6 8.g4 h6
9.Bg2 Nbd5 10.O-O Be6 11.Na4 Rd8 12.c4 Nb6 13.Nxb6 axb6 14.Be3 h5 15.h3 hxg4
16.hxg4 g5 17.fxg5 Nd7 18.Bf4 Bg7 19.Nxc6 Qxc6 20.Bxc6 bxc6 21.Bc7 Rc8 22.d5 cxd5
23.cxd5 Rxc7 24.dxe6 fxe6 25.Qa4  1-0